Formulas for stress and strain. (Record no. 546689)
[ view plain ]
| 000 -LEADER | |
|---|---|
| fixed length control field | 00585cam a22001931 4500 |
| 082 ## - DEWEY DECIMAL CLASSIFICATION NUMBER | |
| Classification number | 624.176 |
| Author Mark | ROA |
| -- | L-20, P-21 |
| 100 1# - MAIN ENTRY--PERSONAL NAME | |
| Personal name | Roark, Raymond J. |
| 9 (RLIN) | 42870 |
| 245 10 - TITLE STATEMENT | |
| Title | Formulas for stress and strain. |
| 250 ## - EDITION STATEMENT | |
| Edition statement | 3d ed. |
| 260 ## - PUBLICATION, DISTRIBUTION, ETC. | |
| Place of publication, distribution, etc. | New York, |
| Name of publisher, distributor, etc. | McGraw-Hill |
| Date of publication, distribution, etc. | 1954. |
| 300 ## - PHYSICAL DESCRIPTION | |
| Extent | 381 p. |
| Other physical details | illus. |
| Dimensions | 24 cm. |
| 526 ## - STUDY PROGRAM INFORMATION NOTE | |
| Program name | 0 |
| Interest level | 0 |
| Reading level | 0 |
| Title point value | 624_176000000000000_ROA |
| 526 ## - STUDY PROGRAM INFORMATION NOTE | |
| Program name | 0 |
| Interest level | 0 |
| Reading level | 0 |
| Title point value | 624_176000000000000_ROA |
| 526 ## - STUDY PROGRAM INFORMATION NOTE | |
| Program name | 0 |
| Interest level | 0 |
| Reading level | 0 |
| Title point value | 624_176000000000000_ROA |
| 526 ## - STUDY PROGRAM INFORMATION NOTE | |
| Program name | 0 |
| Interest level | 0 |
| Reading level | 0 |
| Title point value | 624_176000000000000_ROA |
| 650 #0 - SUBJECT ADDED ENTRY--TOPICAL TERM | |
| Topical term or geographic name entry element | MCE |
| 9 (RLIN) | 379 |
| 650 #0 - SUBJECT ADDED ENTRY--TOPICAL TERM | |
| Topical term or geographic name entry element | Strains and stresses. |
| 9 (RLIN) | 28238 |
| 942 ## - ADDED ENTRY ELEMENTS (KOHA) | |
| Source of classification or shelving scheme | |
| Koha item type | Book |
| Withdrawn status | Lost status | Source of classification or shelving scheme | Damaged status | Not for loan | Permanent Location | Current Location | Date acquired | Total Checkouts | Full call number | Barcode | Date last seen | Price effective from | Koha item type |
|---|---|---|---|---|---|---|---|---|---|---|---|---|---|
| Military College of Engineering (MCE) | Military College of Engineering (MCE) | 06/18/2014 | 624.176 ROA | MCE-790 | 06/18/2014 | 06/18/2014 | Book | ||||||
| Military College of Engineering (MCE) | Military College of Engineering (MCE) | 06/18/2014 | 624.176 ROA | MCE-1152 | 06/18/2014 | 06/18/2014 | Book | ||||||
| Military College of Engineering (MCE) | Military College of Engineering (MCE) | 06/18/2014 | 624.176 ROA | MCE-29942 | 06/18/2014 | 06/18/2014 | Book | ||||||
| Military College of Engineering (MCE) | Military College of Engineering (MCE) | 06/18/2014 | 624.176 ROA | MCE-504 | 06/18/2014 | 06/18/2014 | Book |
